Tepelné spracovanie dielov tvárniacich nástrojov

Bibliographic Details
Main Authors: Moravec, Ján, 1961- (Author), Kantoríková, Elena, 1983- (Author)
Format: Book
Language:Slovak
PhysicalDescription:140 strán fotografie, grafy, schémy, tabuľky 25 cm
Published: V Žiline EDIS-vydavateľstvo UNIZA 2022
ISBN:9788055418834
Edition:1. vydanie
Series:Vysokoškolské učebnice
Subjects:

MARC

LEADER 00000cam a2200000 4500
001 vtls012141064
003 SK-MaSNL
005 20260301055734.0
008 220628s2022 xo dao frnp 000 0 slo
015 |a SNBA2022/09 
020 |a 9788055418834  |q (brožované) 
040 |a SNK  |b slo  |c SNK  |e rda 
041 0 |a slo 
044 |a xo  |c SK 
072 7 |a 621  |x Strojárstvo  |2 konspekt 
072 7 |a 37.016  |x Učebné osnovy. Vyučovacie predmety. Učebnice  |2 konspekt 
080 |a 621.7.074  |2 2011 
080 |a 621.78  |2 2011 
080 |a 621.7  |2 2011 
080 |a (075.8)  |2 011 
100 1 |a Moravec, Ján,  |d 1961-  |4 aut  |9 204479 
245 1 0 |a Tepelné spracovanie dielov tvárniacich nástrojov  |c Ján Moravec, Elena Kantoríková 
250 |a 1. vydanie 
264 1 |a V Žiline  |b EDIS-vydavateľstvo UNIZA  |c 2022 
300 |a 140 strán  |b fotografie, grafy, schémy, tabuľky  |c 25 cm 
336 |a text  |b txt  |2 rdacontent 
337 |a bez média  |b n  |2 rdamedia 
338 |a zväzok  |b nc  |2 rdacarrier 
366 |e 80 kusov 
490 1 |a Vysokoškolské učebnice 
504 |a Obsahuje bibliografiu na strane 140 a bibliografické odkazy 
650 0 7 |a tvárniace stroje  |2 SNKPH  |9 74893 
650 0 7 |a tepelné spracovanie kovov  |2 SNKPH  |9 3622 
650 0 7 |a obrábanie kovov  |2 SNKPH  |9 69054 
650 0 7 |a Forming machines  |2 SNKPHeng  |9 150472 
650 0 7 |a Heat treatment of metals  |2 SNKPHeng  |9 322156 
650 0 7 |a Metalwork  |2 SNKPHeng  |9 369817 
655 7 |a učebnice vysokých škôl  |2 SNKPH  |9 70191 
655 7 |a Textbooks (higher)  |2 SNKPHeng  |9 276436 
700 1 |a Kantoríková, Elena,  |d 1983-  |4 aut  |9 218103 
710 2 |a Žilinská univerzita v Žiline  |4 pbl  |9 165741 
752 |a Slovensko  |d Žilina 
830 0 |a Vysokoškolské učebnice  |9 277152 
919 |a 978-80-554-1883-4 
954 |a odborná, vedecká literatúra pôvodná (slovenská)  |2 lita 
958 |a NB 
999 |c 614071  |d 616001 
952 |a SNK  |b SNK  |y PREZ  |7 0  |p 17A1493261  |o snkSC 198773  |i snk2022/12894  |8 0  |0 0  |1 0  |4 0  |d 2022-08-19  |f 1  |l 0  |r 2025-10-21 00:00:00  |w 2026-02-23 
952 |a SNK  |b SNK  |y VYP  |7 0  |p 17A1493267  |o snkSC 198773 D1  |i snk2022/12895  |8 3  |g 12.27  |0 0  |1 0  |4 0  |d 2022-08-19  |l 0  |r 2026-02-23 16:33:35  |w 2026-02-23